[Event "120th YMCA Spring D"]
[Site "Warszawa"]
[Date "2013.05.06"]
[Round "5"]
[White "Bartczak, Hanna"]
[Black "Rozycki, Dariusz"]
[Result "1-0"]
[WhiteElo "1562"]
[BlackElo "1465"]
[PlyCount "55"]
[EventDate "2013.04.09"]
[EventType "tourn"]
[EventRounds "1"]
[EventCountry "POL"]
[SourceDate "2013.04.10"]

1. Nf3 d5 2. d4 Nf6 3. c4 c6 4. cxd5 cxd5 5. Nc3 Nc6 6. Bg5 e6 7. e3 Be7 8. Be2
O-O 9. O-O Ng4 10. Bf4 Bd6 11. Bxd6 Qxd6 12. h3 Nh6 13. Qd2 e5 14. dxe5 Nxe5
15. Qxd5 Nxf3+ 16. Bxf3 Qg6 17. Be4 Qf6 18. Qd3 Rd8 19. Qc2 Bf5 20. Bxf5 Nxf5
21. Rad1 Nd6 22. Rd4 g6 23. Rfd1 Rac8 24. Qd3 Rc6 25. Nb5 Nxb5 26. Rxd8+ Kg7
27. Qxb5 Rc2 28. R8d2 1-0

[Event "120th YMCA Spring D"]
[Site "Warszawa"]
[Date "2013.05.06"]
[Round "5"]
[White "Baum, Jonasz"]
[Black "Budrewicz, Henryk"]
[Result "0-1"]
[WhiteElo "1516"]
[BlackElo "1573"]
[PlyCount "80"]
[EventDate "2013.04.09"]
[EventType "tourn"]
[EventRounds "1"]
[EventCountry "POL"]
[SourceDate "2013.04.10"]

1. e4 e6 2. d4 b6 3. Nf3 Bb7 4. Bd3 c5 5. c3 Nf6 6. Bg5 Be7 7. e5 Nd5 8. Bxe7
Qxe7 9. O-O Nc6 10. Be4 Nf4 11. g3 Ng6 12. Bxc6 Bxc6 13. Nbd2 d5 14. dxc5 bxc5
15. Nb3 O-O 16. Rc1 a5 17. Re1 Ba4 18. c4 d4 19. Qd3 Rfb8 20. Nfd2 Bc6 21. Rb1
a4 22. Nc1 Qg5 23. Ne4 Qxe5 24. Qc2 Qf5 25. Qe2 Ne5 26. f4 Bxe4 27. Qxe4 Qxe4
28. Rxe4 Nxc4 29. Re2 Ne3 30. Nd3 c4 31. Ne5 c3 32. Nc6 c2 33. Rc1 Rxb2 34.
Nxd4 Rb1 35. Ree1 Rab8 36. Nc6 Rxc1 37. Rxc1 Rb1 38. Nd4 Rxc1+ 39. Kf2 Rf1+ 40.
Kxe3 c1=Q+ 0-1

[Event "120th YMCA Spring D"]
[Site "Warszawa"]
[Date "2013.05.06"]
[Round "5"]
[White "Markiewicz, Janusz"]
[Black "Gajewski, Wojciech"]
[Result "0-1"]
[WhiteElo "1406"]
[BlackElo "1500"]
[PlyCount "56"]
[EventDate "2013.04.09"]
[EventType "tourn"]
[EventRounds "1"]
[EventCountry "POL"]
[SourceDate "2013.04.10"]

1. e4 g6 2. c3 Bg7 3. Nf3 d6 4. h3 Nd7 5. d4 e5 6. d5 Ngf6 7. Bg5 h6 8. Bxf6
Nxf6 9. Bd3 O-O 10. Nbd2 Nh5 11. g3 c6 12. Bc4 a5 13. dxc6 bxc6 14. Bb3 d5 15.
Nh4 Rb8 16. Qc2 Be6 17. O-O-O Qb6 18. exd5 cxd5 19. Ndf3 d4 20. Bxe6 Qxe6 21.
Kb1 dxc3 22. b3 a4 23. Qxc3 Rfc8 24. Qb2 axb3 25. a3 Rc2 26. Qa1 b2 27. Qa2
Qxa2+ 28. Kxa2 b1=Q# 0-1

[Event "120th YMCA Spring D"]
[Site "Warszawa"]
[Date "2013.05.06"]
[Round "5"]
[White "Kokoszczynski, Jan"]
[Black "Golecki, Jan"]
[Result "1/2-1/2"]
[WhiteElo "1623"]
[BlackElo "1505"]
[Annotator "Admin"]
[PlyCount "25"]
[EventDate "2013.04.09"]
[EventType "tourn"]
[EventRounds "1"]
[EventCountry "POL"]
[SourceDate "2013.04.10"]

1. Nf3 Nf6 2. c4 g6 3. b3 Bg7 4. Bb2 O-O 5. d4 d6 6. Nbd2 Nbd7 7. g3 Re8 8. e4
e5 9. d5 Nc5 10. Qc2 a5 11. a3 Bg4 12. Bg2 Bh6 13. Bc3 $11 1/2-1/2

[Event "120th YMCA Spring D"]
[Site "Warszawa"]
[Date "2013.05.14"]
[Round "6"]
[White "Gajewski, Wojciech"]
[Black "Kokoszczynski, Jan"]
[Result "0-1"]
[WhiteElo "1500"]
[BlackElo "1623"]
[PlyCount "64"]
[EventDate "2013.04.09"]
[EventType "tourn"]
[EventRounds "1"]
[EventCountry "POL"]
[SourceDate "2013.04.10"]

1. Nf3 d5 2. d4 Nf6 3. c4 c6 4. Nc3 e6 5. cxd5 cxd5 6. Bf4 Nc6 7. e3 a6 8. Bd3
Bd6 9. Bg3 O-O 10. Rc1 Bxg3 11. hxg3 Qa5 12. Ne5 h6 13. O-O Bd7 14. Bb1 Rfc8
15. a3 b5 16. Qd3 Be8 17. Na2 g6 18. b4 Qb6 19. Nxc6 Bxc6 20. Rc2 Ne4 21. Nc1
Nd6 22. Ba2 Nc4 23. Bxc4 bxc4 24. Qd2 Ba4 25. Rc3 Rcb8 26. Na2 Bb3 27. Nc1 Ba4
28. Na2 a5 29. Rb1 Bb3 30. Qb2 Bxa2 31. Qxa2 axb4 32. Rcc1 Rxa3 0-1

[Event "120th YMCA Spring D"]
[Site "Warszawa"]
[Date "2013.05.29"]
[Round "6"]
[White "Budrewicz, Henryk"]
[Black "Markiewicz, Janusz"]
[Result "0-1"]
[WhiteElo "1573"]
[BlackElo "1406"]
[PlyCount "90"]
[EventDate "2013.04.09"]
[EventType "tourn"]
[EventRounds "1"]
[EventCountry "POL"]
[SourceDate "2013.04.10"]

1. Nf3 Nc6 2. d4 e5 3. dxe5 Qe7 4. Nc3 Nxe5 5. e4 c6 6. Nxe5 Qxe5 7. Bd3 Bd6 8.
Be3 Nf6 9. f4 Qh5 10. e5 Qxd1+ 11. Rxd1 Ng4 12. exd6 Nxe3 13. Rd2 O-O 14. Re2
Ng4 15. O-O b6 16. Re7 Rd8 17. Rfe1 Nf6 18. g4 Bb7 19. g5 Nd5 20. Nxd5 cxd5 21.
Bf5 Bc6 22. c3 g6 23. Bg4 Kf8 24. f5 gxf5 25. Bxf5 Kg7 26. R1e3 h5 27. g6 Rf8
28. Rg3 Kf6 29. Rf3 d4 30. Be4+ Kg7 31. Bxc6 dxc6 32. cxd4 Kxg6 33. d7 Rad8 34.
Rfe3 Kg7 35. R3e5 Rg8 36. Rf5 Kf8+ 37. Kf2 Kxe7 38. Re5+ Kxd7 39. Rxh5 Ke6 40.
Ke3 Rh8 41. Re5+ Kf6 42. b4 Rxh2 43. a4 Rh4 44. Re4 Rxe4+ 45. Kxe4 Ke6 0-1

[Event "120th YMCA Spring D"]
[Site "Warszawa"]
[Date "2013.05.14"]
[Round "6"]
[White "Rozycki, Dariusz"]
[Black "Baum, Jonasz"]
[Result "0-1"]
[WhiteElo "1465"]
[BlackElo "1516"]
[PlyCount "46"]
[EventDate "2013.04.09"]
[EventType "tourn"]
[EventRounds "1"]
[EventCountry "POL"]
[SourceDate "2013.04.10"]

1. e4 e5 2. Nf3 Nc6 3. Bb5 Bc5 4. Nxe5 Nxe5 5. d4 Bb4+ 6. c3 Bd6 7. dxe5 Bxe5
8. Be3 c6 9. Bc4 Nf6 10. f4 Bc7 11. e5 Ng8 12. O-O Ne7 13. Qg4 O-O 14. Nd2 d5
15. f5 dxc4 16. Bh6 Bb6+ 17. Kh1 Ng6 18. Qg3 gxh6 19. Ne4 Qh4 20. fxg6 Qxe4 21.
gxf7+ Kh8 22. Rae1 Qg6 23. Qf4 Be6 0-1

[Event "120th YMCA Spring D"]
[Site "Warszawa"]
[Date "2013.05.14"]
[Round "6"]
[White "Malicka, Maria"]
[Black "Bartczak, Hanna"]
[Result "1/2-1/2"]
[WhiteElo "1297"]
[BlackElo "1562"]
[PlyCount "75"]
[EventDate "2013.04.09"]
[EventType "tourn"]
[EventRounds "1"]
[EventCountry "POL"]
[SourceDate "2013.04.10"]

1. e4 d6 2. d4 Nf6 3. Nc3 c6 4. Be3 Qa5 5. f3 e5 6. dxe5 dxe5 7. a3 Be6 8. Bd3
Be7 9. Nge2 O-O 10. O-O Nbd7 11. Qe1 Qc7 12. Ng3 Bc5 13. Kh1 Bxe3 14. Qxe3 Qb6
15. Qxb6 Nxb6 16. Rfe1 Rfd8 17. Rad1 Rd7 18. Be2 Rad8 19. Rxd7 Rxd7 20. Rd1
Rxd1+ 21. Nxd1 Nc4 22. Bxc4 Bxc4 23. Ne3 Be6 24. Ngf5 g6 25. Ng3 Kf8 26. Kg1
Ke7 27. Kf2 Kd6 28. Ke2 Nd7 29. b3 c5 30. Kd3 b5 31. c4 a6 32. cxb5 axb5 33.
Kc3 Nb6 34. Ngf1 Nd7 35. Nd2 Nb8 36. a4 Kc6 37. axb5+ Kxb5 38. Ndc4 1/2-1/2

[Event "120th YMCA Spring D"]
[Site "Warszawa"]
[Date "2013.05.09"]
[Round "6"]
[White "Duda, Ryszard"]
[Black "Kwiek, Janusz"]
[Result "1/2-1/2"]
[WhiteElo "1631"]
[BlackElo "1642"]
[Annotator "Admin"]
[PlyCount "129"]
[EventDate "2013.04.09"]
[EventType "tourn"]
[EventRounds "1"]
[EventCountry "POL"]
[SourceDate "2013.04.10"]

1. e4 e6 2. d4 d5 3. Nd2 c5 4. dxc5 Bxc5 5. Nb3 Bb6 6. exd5 exd5 7. Nf3 Nf6 8.
Bb5+ Nc6 9. Nbd4 Qe7+ 10. Qe2 Qxe2+ 11. Kxe2 Bd7 12. Be3 Nxd4+ 13. Nxd4 O-O-O
14. Bxd7+ Rxd7 15. h3 Re8 16. Rhd1 g6 17. Kf1 Ne4 18. Rac1 Ng3+ 19. fxg3 Rxe3
20. Nf3 f6 21. Re1 Rde7 22. Rxe3 Rxe3 23. Re1 Re4 24. c3 Kd7 25. Nd2 Re5 26. g4
Kd6 27. Rd1 Ke6 28. Nf3 Re4 29. Rd2 Be3 30. Rd1 a6 31. Nd2 Bxd2 32. Rxd2 b5 33.
Kf2 Ke5 34. g3 d4 35. Rd3 Kd5 36. Kf3 Ke5 37. cxd4+ Rxd4 38. Ke3 $11 Rxd3+ 39.
Kxd3 Kd5 40. b4 Ke5 41. Ke3 h6 42. a3 Kd5 43. Kd3 g5 44. h4 Ke5 45. Ke3 f5 46.
hxg5 hxg5 47. gxf5 Kxf5 48. Kf3 g4+ 49. Ke3 Ke5 50. Kd3 Kd5 51. Ke3 Kc4 52. Kf4
Kb3 53. Kxg4 Kxa3 54. Kf4 Kxb4 55. g4 a5 56. g5 a4 57. g6 a3 58. g7 a2 59. g8=Q
a1=Q 60. Qf8+ Kb3 61. Qf7+ Ka3 62. Qa7+ Kb2 63. Qd4+ Kb1 64. Qd3+ Kc1 65. Qxb5
1/2-1/2

[Event "120th YMCA Spring D"]
[Site "Warszawa"]
[Date "2013.05.22"]
[Round "7"]
[White "Bartczak, Hanna"]
[Black "Duda, Ryszard"]
[Result "0-1"]
[WhiteElo "1562"]
[BlackElo "1631"]
[PlyCount "106"]
[EventDate "2013.04.09"]
[EventType "tourn"]
[EventRounds "1"]
[EventCountry "POL"]
[SourceDate "2013.04.10"]

1. d4 Nf6 2. c4 d5 3. Nc3 g6 4. cxd5 Nxd5 5. e4 Nxc3 6. bxc3 c5 7. Bb5+ Bd7 8.
Bxd7+ Nxd7 9. Qa4 Bg7 10. Ne2 O-O 11. O-O e6 12. Be3 b6 13. Rab1 Qe7 14. Rfd1
Rfc8 15. Qb3 cxd4 16. cxd4 Qh4 17. f3 Bh6 18. d5 Bxe3+ 19. Qxe3 exd5 20. Rxd5
Nc5 21. Rbd1 Rd8 22. Qd2 Ne6 23. Nc3 Qe7 24. Qe3 Nc7 25. Rxd8+ Rxd8 26. Rxd8+
Qxd8 27. g3 Qd7 28. Kg2 Ne6 29. Nd5 Qa4 30. Qh6 Qxa2+ 31. Kh3 Qb2 32. Qh4 Kg7
33. f4 Qd4 34. f5 Nf8 35. f6+ Kh8 36. Qh6 Ne6 37. Qh4 Qxe4 38. Qxe4 Ng5+ 39.
Kg4 Nxe4 40. Kf4 Nc5 41. g4 h6 42. h4 Nd7 43. g5 hxg5+ 44. hxg5 Kg8 45. Ne7+
Kf8 46. Ke4 Nc5+ 47. Ke5 a5 48. Kd5 a4 49. Nc6 Ne6 50. Kc4 Nxg5 51. Kb5 Ne4 52.
Kxa4 Nxf6 53. Kb5 Nd7 0-1

[Event "120th YMCA Spring D"]
[Site "Warszawa"]
[Date "2013.05.21"]
[Round "7"]
[White "Baum, Jonasz"]
[Black "Malicka, Maria"]
[Result "1-0"]
[WhiteElo "1516"]
[BlackElo "1297"]
[PlyCount "123"]
[EventDate "2013.04.09"]
[EventType "tourn"]
[EventRounds "1"]
[EventCountry "POL"]
[SourceDate "2013.04.10"]

1. e4 c5 2. Nf3 e6 3. c3 a6 4. d4 cxd4 5. cxd4 d6 6. Nc3 Nf6 7. Bd3 Be7 8. O-O
O-O 9. Bg5 h6 10. Bh4 Nc6 11. Qb3 Nd7 12. Bg3 Qb6 13. Qxb6 Nxb6 14. Rfe1 Bd7
15. a3 Rac8 16. Rad1 Nd8 17. Nd2 Na4 18. Nc4 Rxc4 19. Bxc4 Nxb2 20. Be2 Nxd1
21. Rxd1 d5 22. exd5 Bxa3 23. Bf3 exd5 24. Bxd5 Bc6 25. Bxc6 Nxc6 26. d5 Ne7
27. Nb1 Bb4 28. d6 Nc6 29. d7 Ba5 30. Nd2 b5 31. Nb3 Bb6 32. Rd6 Rd8 33. Rxc6
Rxd7 34. h3 Rb7 35. Nc5 Bxc5 36. Rxc5 b4 37. Be5 b3 38. Bb2 Ra7 39. Rc8+ Kh7
40. Rb8 a5 41. Rxb3 a4 42. Ra3 Rb7 43. Bd4 Rb4 44. Bc3 Rb3 45. Rxb3 axb3 46.
Kf1 Kg6 47. Ke2 f6 48. Kd3 Kf5 49. Kc4 Ke4 50. Kxb3 Kd3 51. Kb4 Ke2 52. Bd4 Kd3
53. Kc5 Ke4 54. Be3 Kf5 55. Kd6 h5 56. Ke7 Ke5 57. Kf7 g5 58. Bc1 g4 59. Bb2+
Kf4 60. Kxf6 gxh3 61. gxh3 h4 62. Bd4 1-0

[Event "120th YMCA Spring D"]
[Site "Warszawa"]
[Date "2013.05.21"]
[Round "7"]
[White "Markiewicz, Janusz"]
[Black "Rozycki, Dariusz"]
[Result "0-1"]
[WhiteElo "1406"]
[BlackElo "1465"]
[PlyCount "160"]
[EventDate "2013.04.09"]
[EventType "tourn"]
[EventRounds "1"]
[EventCountry "POL"]
[SourceDate "2013.04.10"]

1. e4 e5 2. Nf3 Nc6 3. Bc4 Nf6 4. d4 exd4 5. Ng5 d5 6. exd5 Qe7+ 7. Kf1 Ne5 8.
Qxd4 h6 9. Ne4 Nxe4 10. Qxe4 Nxc4 11. Qxc4 Bd7 12. Bf4 a6 13. Nc3 Qc5 14. Qe4+
Kd8 15. Be3 Qe7 16. Qf4 g5 17. Qd4 Rg8 18. Re1 Bg7 19. Qd2 Qb4 20. Nd1 Qb5+ 21.
Qd3 Qxd3+ 22. cxd3 Bb5 23. Ke2 Kd7 24. Nc3 Kd6 25. Rc1 f5 26. a4 Bxc3 27. axb5
Bxb2 28. Rc2 Bf6 29. bxa6 Rxa6 30. Rhc1 Rg7 31. Rb1 b6 32. Rc6+ Ke7 33. Rxc7+
Kf8 34. Rc8+ Kf7 35. Bxb6 Kg6 36. Bc7 Ra2+ 37. Kf1 Bd4 38. Bb6 Rxf2+ 39. Ke1
Re7+ 40. Kd1 Rf1+ 41. Kd2 Rxb1 42. Bxd4 Rd7 43. Rc6+ Kh5 44. d6 Kg4 45. Rc4 f4
46. Be5 Kf5 47. Re4 Rb5 48. Bc3 Rxd6 49. Re8 Rc6 50. Rf8+ Kg6 51. Rg8+ Kh5 52.
Bg7 Rbc5 53. d4 Rd5 54. Be5 Ra6 55. Ke2 Ra2+ 56. Kf3 Ra3+ 57. Ke4 Rd7 58. Rc8
Kg4 59. h3+ Kg3 60. Rc2 Re3+ 61. Kf5 Kh4 62. Kg6 h5 63. Bf6 Rd6 64. Kf5 Rd5+
65. Be5 Rd3 66. Ke6 R5xd4 67. Bxd4 Rxd4 68. Ke5 Rd3 69. Kf5 Rd1 70. Ra2 Kg3 71.
Rc2 Rd5+ 72. Ke4 Ra5 73. Rd2 g4 74. Rd3+ Kxg2 75. hxg4 Ra4+ 76. Kf5 h4 77. g5
f3 78. g6 f2 79. g7 Ra8 80. Rd6 f1=Q+ 0-1

[Event "120th YMCA Spring D"]
[Site "Warszawa"]
[Date "2013.04.30"]
[Round "7"]
[White "Kokoszczynski, Jan"]
[Black "Budrewicz, Henryk"]
[Result "1-0"]
[WhiteElo "1623"]
[BlackElo "1573"]
[Annotator "Admin"]
[PlyCount "89"]
[EventDate "2013.04.09"]
[EventType "tourn"]
[EventRounds "1"]
[EventCountry "POL"]
[SourceDate "2013.04.10"]

1. d4 Nf6 2. c4 d5 3. cxd5 Nxd5 4. e4 Nf6 5. Nc3 e6 6. Bg5 Be7 7. Nf3 Nbd7 8.
Be2 O-O 9. O-O h6 10. Bh4 c6 11. Qb3 b5 12. e5 Nd5 13. Bxe7 Qxe7 14. Nxd5 exd5
15. a4 bxa4 16. Qxa4 Qe6 17. Rfc1 Bb7 18. Ba6 Bxa6 19. Qxa6 Rfc8 20. h3 g5 21.
b4 Nb6 22. Ra2 Nc4 23. Nd2 Nb6 $11 24. Rac2 Qe8 25. Nb3 Nc4 26. Na5 Na3 27.
Rxc6 Rxc6 28. Rxc6 Rb8 29. Rxh6 Rb6 30. Rxb6 axb6 31. Qxb6 Qe6 32. Qd8+ Kh7 33.
Qxg5 Nb5 34. Qh4+ Kg7 35. Qg5+ Kh7 36. Qh4+ Kg7 37. Qg3+ Kf8 38. Qd3 Qb6 39.
Nb3 Nc7 40. Qd2 Qg6 41. Qc1 Ne6 42. b5 Qd3 43. Nc5 Qxb5 44. Nxe6+ fxe6 45. Qc5+
1-0

[Event "120th YMCA Spring D"]
[Site "Warszawa"]
[Date "2013.05.21"]
[Round "7"]
[White "Golecki, Jan"]
[Black "Gajewski, Wojciech"]
[Result "1/2-1/2"]
[WhiteElo "1505"]
[BlackElo "1500"]
[PlyCount "106"]
[EventDate "2013.04.09"]
[EventType "tourn"]
[EventRounds "1"]
[EventCountry "POL"]
[SourceDate "2013.04.10"]

1. e4 g6 2. d4 Bg7 3. Nc3 d6 4. Nf3 a6 5. Bc4 e6 6. O-O Ne7 7. Be3 Nd7 8. Qd2
h6 9. a3 b6 10. Rad1 Bb7 11. b4 Nf6 12. d5 e5 13. h3 Kf8 14. Nh2 g5 15. Be2 Bc8
16. Rb1 Ng6 17. Qd1 Nf4 18. Bxf4 exf4 19. Rb3 h5 20. f3 h4 21. Re1 Ne8 22. Bf1
Be5 23. Ne2 Nf6 24. Nd4 Nh5 25. Nc6 Qf6 26. Nxe5 Qxe5 27. Be2 Kg7 28. c3 Bd7
29. Qd4 f6 30. Qxe5 fxe5 31. c4 Nf6 32. Rc3 Rhc8 33. Rec1 Kf7 34. c5 Ke7 35.
Kf1 Kd8 36. Ke1 a5 37. cxb6 cxb6 38. Rxc8+ Rxc8 39. Rxc8+ Kxc8 40. bxa5 bxa5
41. Nf1 Ba4 42. Nd2 Bc2 43. Nc4 Kc7 44. Nxa5 Nd7 45. Kd2 Ba4 46. Nc4 Nc5 47.
Nb2 Kb6 48. Nc4+ Kc7 49. Nb2 Kb6 50. Kc3 Bb5 51. Nc4+ Bxc4 52. Bxc4 Ka5 53. Bb3
Na6 1/2-1/2

[Event "120th YMCA Spring D"]
[Site "Warszawa"]
[Date "2013.05.28"]
[Round "8"]
[White "Budrewicz, Henryk"]
[Black "Golecki, Jan"]
[Result "1-0"]
[WhiteElo "1573"]
[BlackElo "1505"]
[PlyCount "91"]
[EventDate "2013.04.09"]
[EventType "tourn"]
[EventRounds "1"]
[EventCountry "POL"]
[SourceDate "2013.04.10"]

1. d4 Nf6 2. Bf4 g6 3. e3 Bg7 4. Bd3 O-O 5. Nf3 d6 6. h3 Nbd7 7. O-O Re8 8. e4
e5 9. dxe5 Nxe5 10. Nxe5 dxe5 11. Be3 Be6 12. c4 Qe7 13. Nc3 c6 14. Qc2 b6 15.
a3 Rad8 16. Rfd1 Rd7 17. Be2 Red8 18. Rxd7 Rxd7 19. b4 Ne8 20. c5 b5 21. a4 a5
22. axb5 axb4 23. bxc6 Ra7 24. Rxa7 Qxa7 25. Qa4 Qxa4 26. Nxa4 Nc7 27. Nb2 f6
28. Bd2 b3 29. Ba5 Na8 30. Ba6 Bf8 31. Bb7 Bxc5 32. Bxa8 Bd4 33. Na4 b2 34.
Nxb2 Bxb2 35. Bb7 Ba3 36. c7 Kf8 37. c8=Q+ Bxc8 38. Bxc8 Ke7 39. Bb7 f5 40. Bd2
f4 41. Bd5 h6 42. Bc3 Bd6 43. Kf1 g5 44. g4 Bc5 45. Bxe5 Kf8 46. f3 1-0

[Event "120th YMCA Spring D"]
[Site "Warszawa"]
[Date "2013.05.28"]
[Round "8"]
[White "Rozycki, Dariusz"]
[Black "Kokoszczynski, Jan"]
[Result "0-1"]
[WhiteElo "1465"]
[BlackElo "1623"]
[PlyCount "80"]
[EventDate "2013.04.09"]
[EventType "tourn"]
[EventRounds "1"]
[EventCountry "POL"]
[SourceDate "2013.04.10"]

1. e4 e5 2. Nf3 Nc6 3. Bb5 a6 4. Ba4 Nf6 5. O-O Be7 6. d3 b5 7. Bb3 d6 8. Bg5
O-O 9. Nc3 Bg4 10. h3 Bh5 11. Ne2 Bxf3 12. gxf3 h6 13. Be3 Nh5 14. Kh2 Kh7 15.
Rg1 Na5 16. Rg2 Nxb3 17. axb3 Qd7 18. Qg1 g6 19. f4 exf4 20. Nxf4 Nxf4 21. Bxf4
Bf6 22. c3 Be5 23. Bxe5 dxe5 24. Rg3 Qe6 25. c4 Rfd8 26. Rd1 Rd7 27. Rd2 bxc4
28. bxc4 Rb8 29. Qd1 c5 30. b3 Rdb7 31. Rb2 Qd6 32. Re3 Qd4 33. Ree2 a5 34. Rb1
a4 35. Reb2 Rxb3 36. Rxb3 Qxf2+ 37. Kh1 axb3 38. Rxb3 Ra8 39. Rb7 Ra2 40. Qg1
Qf3+ 0-1

[Event "120th YMCA Spring D"]
[Site "Warszawa"]
[Date "2013.05.28"]
[Round "8"]
[White "Malicka, Maria"]
[Black "Markiewicz, Janusz"]
[Result "0-1"]
[WhiteElo "1297"]
[BlackElo "1406"]
[Annotator "Admin"]
[PlyCount "77"]
[EventDate "2013.04.09"]
[EventType "tourn"]
[EventRounds "1"]
[EventCountry "POL"]
[SourceDate "2013.04.10"]

1. e4 e5 2. Nf3 d5 3. exd5 e4 4. Nd4 Qxd5 5. Nb3 Bb4 6. a3 Be7 7. Nc3 Qf5 8. d3
Nf6 9. Be3 O-O 10. Be2 Be6 11. dxe4 Qg6 12. Bf3 c6 13. Nc5 Rd8 14. Qe2 b5 15.
Nxe6 fxe6 16. O-O Nbd7 17. Rad1 Ne5 18. Bf4 Nc4 19. e5 Nd5 20. Nxd5 cxd5 21. c3
a6 22. Rfe1 Rf8 23. Bg3 Bc5 24. Bh5 Qf5 25. Rd3 Nxb2 26. Rf3 Qg5 27. Rxf8+ Rxf8
28. Bg4 Bxa3 29. Bxe6+ Kh8 30. Bxd5 Na4 31. Qc2 Rc8 32. Qd3 Rxc3 33. Qe4 Rc1
34. h3 Nc5 35. Qe2 Rxe1+ 36. Qxe1 Qd8 37. Bf3 b4 38. e6 Qe7 39. Qc1 $138 0-1

[Event "120th YMCA Spring D"]
[Site "Warszawa"]
[Date "2013.05.28"]
[Round "8"]
[White "Duda, Ryszard"]
[Black "Baum, Jonasz"]
[Result "1-0"]
[WhiteElo "1631"]
[BlackElo "1516"]
[PlyCount "85"]
[EventDate "2013.04.09"]
[EventType "tourn"]
[EventRounds "1"]
[EventCountry "POL"]
[SourceDate "2013.04.10"]

1. e4 e5 2. Nf3 Nc6 3. Bb5 a6 4. Ba4 Nf6 5. O-O Be7 6. Re1 b5 7. Bb3 O-O 8. c3
d5 9. exd5 Nxd5 10. Nxe5 Nxe5 11. Rxe5 c6 12. Bxd5 cxd5 13. g3 Bf6 14. Re1 Bf5
15. d4 Re8 16. Nd2 Qd7 17. Nb3 Bg4 18. Rxe8+ Rxe8 19. f3 Bh5 20. Kg2 Qe7 21. g4
Bg6 22. Kf1 Qe1+ 23. Qxe1 Bd3+ 24. Kg2 Rxe1 25. Bd2 Re2+ 26. Kg3 Be7 27. Re1
Bd6+ 28. f4 Rxe1 29. Bxe1 Bb1 30. a3 Bc2 31. Nd2 g5 32. h3 Bxf4+ 33. Kf2 Kg7
34. Ke2 Kg6 35. Bf2 f5 36. Be3 Bd1+ 37. Kxd1 Bxe3 38. Nf3 f4 39. Kc2 h5 40. b3
a5 41. a4 hxg4 42. hxg4 b4 43. cxb4 1-0

[Event "120th YMCA Spring D"]
[Site "Warszawa"]
[Date "2013.05.28"]
[Round "8"]
[White "Kwiek, Janusz"]
[Black "Bartczak, Hanna"]
[Result "1/2-1/2"]
[WhiteElo "1642"]
[BlackElo "1562"]
[Annotator "Admin"]
[PlyCount "62"]
[EventDate "2013.04.09"]
[EventType "tourn"]
[EventRounds "1"]
[EventCountry "POL"]
[SourceDate "2013.04.10"]

1. Nf3 Nf6 2. d4 d5 3. c4 e6 4. Bg5 Be7 5. Nc3 O-O 6. e3 Nbd7 7. Bd3 dxc4 8.
Bxc4 c5 9. dxc5 Nxc5 10. Qc2 a6 11. Rd1 Qa5 12. a3 Ncd7 13. O-O b5 14. Be2 Rd8
15. Rd2 Bb7 16. Rfd1 Nf8 17. Nd4 Ng6 18. Bf3 Bxf3 19. Nxf3 Qc7 20. Qb3 Rxd2 21.
Rxd2 Rd8 22. Qd1 h6 23. Bxf6 Bxf6 24. Ne4 Be7 25. h3 Rxd2 26. Qxd2 Qc4 27. Qd4
Qc6 28. Ne5 Qc1+ 29. Kh2 Nh4 30. g3 Nf5 31. Qd2 Qxd2 $11 1/2-1/2

[Event "120th YMCA Spring D"]
[Site "Warszawa"]
[Date "2013.06.04"]
[Round "9"]
[White "Baum, Jonasz"]
[Black "Kwiek, Janusz"]
[Result "1-0"]
[WhiteElo "1516"]
[BlackElo "1642"]
[PlyCount "135"]
[EventDate "2013.04.09"]
[EventType "tourn"]
[EventRounds "1"]
[EventCountry "POL"]
[SourceDate "2013.04.10"]

1. e4 e6 2. Nf3 d5 3. Nc3 c5 4. exd5 exd5 5. Bb5+ Bd7 6. Bxd7+ Qxd7 7. d4 Nf6
8. O-O cxd4 9. Re1+ Be7 10. Ne5 Qd8 11. Qxd4 O-O 12. Bg5 Nc6 13. Qd1 d4 14. Nb5
h6 15. Nxc6 bxc6 16. Nxd4 Bc5 17. Be3 Qb6 18. Nb3 Bxe3 19. Rxe3 Rad8 20. Qe2
Rfe8 21. Re1 a5 22. Qf3 Rxe3 23. Qxe3 Qb5 24. Qc5 Qxc5 25. Nxc5 Rd2 26. Rc1 Ng4
27. Nd3 Re2 28. h3 Nf6 29. Kf1 Re7 30. Re1 Rb7 31. Re5 Nd5 32. Re8+ Kh7 33. a3
Nb6 34. Rf8 Nc4 35. Rc8 Rb6 36. Ke1 Kg6 37. Kd1 Kf6 38. Kc1 Ke6 39. Re8+ Kf6
40. Re4 Nd6 41. Ra4 Rb5 42. b4 axb4 43. axb4 Nc4 44. Ra6 Ne5 45. Nxe5 Kxe5 46.
Ra5 Kd4 47. Rxb5 cxb5 48. Kd2 Kc4 49. c3 h5 50. g3 g5 51. f3 f5 52. Kc2 g4 53.
hxg4 fxg4 54. fxg4 hxg4 55. Kd2 Kb3 56. Kd3 Ka4 57. Kd4 Kb3 58. Kc5 Kxc3 59.
Kxb5 Kd4 60. Kc6 Ke4 61. b5 Kf3 62. b6 Kxg3 63. b7 Kf2 64. b8=Q g3 65. Qf4+ Kg2
66. Kd5 Kh1 67. Qh4+ Kg2 68. Ke4 1-0

[Event "120th YMCA Spring D"]
[Site "Warszawa"]
[Date "2013.06.04"]
[Round "9"]
[White "Markiewicz, Janusz"]
[Black "Duda, Ryszard"]
[Result "0-1"]
[WhiteElo "1406"]
[BlackElo "1631"]
[PlyCount "40"]
[EventDate "2013.04.09"]
[EventType "tourn"]
[EventRounds "1"]
[EventCountry "POL"]
[SourceDate "2013.04.10"]

1. e4 c5 2. b4 e6 3. bxc5 Bxc5 4. d4 Be7 5. e5 d6 6. Qg4 dxe5 7. Qxg7 Bf6 8.
Qg3 exd4 9. Bd3 Nc6 10. Ne2 e5 11. Nd2 Nge7 12. Ne4 Ng6 13. Qf3 Be7 14. g4 Bd7
15. g5 Nb4 16. Nf6+ Bxf6 17. gxf6 Bc6 18. Bb5 Bxb5 19. Nxd4 Qxd4 20. Qf5 Qxa1
0-1

[Event "120th YMCA Spring D"]
[Site "Warszawa"]
[Date "2013.06.05"]
[Round "9"]
[White "Kokoszczynski, Jan"]
[Black "Malicka, Maria"]
[Result "1-0"]
[WhiteElo "1623"]
[BlackElo "1297"]
[PlyCount "99"]
[EventDate "2013.04.09"]
[EventType "tourn"]
[EventRounds "1"]
[EventCountry "POL"]
[SourceDate "2013.04.10"]

1. c4 c5 2. Nf3 b6 3. g3 Bb7 4. Bg2 Nf6 5. O-O e6 6. d3 Be7 7. Nc3 O-O 8. Re1
Nc6 9. e4 d6 10. Nh4 Nd7 11. Nf3 Nde5 12. Nxe5 Nxe5 13. f4 Nc6 14. Be3 Bf6 15.
Qd2 Qd7 16. Bh3 Nd4 17. Rf1 Qc7 18. Qf2 Rfe8 19. a3 Bc6 20. Rac1 a6 21. g4 g6
22. b4 Qe7 23. g5 Bg7 24. Bg2 Rac8 25. Ne2 Nxe2+ 26. Qxe2 Red8 27. Qf2 Rd7 28.
Bh3 Rdc7 29. Bg4 Bd7 30. h4 h6 31. Rb1 Rb8 32. Rfc1 Rbb7 33. Kg2 Kf8 34. Rf1
Kg8 35. Rfd1 Ba4 36. Rh1 Bd7 37. h5 gxh5 38. Rxh5 hxg5 39. fxg5 e5 40. Bf5 f6
41. g6 Bxf5 42. Qxf5 Qd7 43. Qf3 Kf8 44. Rbh1 Qe6 45. R1h3 Ra7 46. Rf5 Kg8 47.
Bd2 Rab7 48. Qh5 Kf8 49. Bh6 Qg8 50. Rxf6+ 1-0

[Event "120th YMCA Spring D"]
[Site "Warszawa"]
[Date "2013.06.04"]
[Round "9"]
[White "Golecki, Jan"]
[Black "Rozycki, Dariusz"]
[Result "1/2-1/2"]
[WhiteElo "1505"]
[BlackElo "1465"]
[PlyCount "50"]
[EventDate "2013.04.09"]
[EventType "tourn"]
[EventRounds "1"]
[EventCountry "POL"]
[SourceDate "2013.04.10"]

1. e4 e5 2. f4 exf4 3. Nf3 h6 4. d4 g5 5. Bc4 d6 6. O-O Nc6 7. Nc3 Bg7 8. Ne2
Nf6 9. Qd3 O-O 10. a3 Bg4 11. c3 Re8 12. Nd2 Bxe2 13. Qxe2 d5 14. Ba2 dxe4 15.
Qc4 Qd7 16. Re1 e3 17. Nf3 Re7 18. b4 Rae8 19. b5 Na5 20. Qa4 b6 21. Ne5 Qc8
22. Ng6 Rd7 23. Ne5 Rde7 24. Ng6 Rd7 25. Ne5 Rde7 1/2-1/2